000 00849nam a2200253 a 4500
001 50480
003 BD-RjUL
005 20211209075521.0
008 160827r19601956nju 001 0 eng
035 _a(BD-RjUL) 50600
040 _aDLC
_cDLC
_dDLC
_dBD-RjUL
_beng
041 _aeng
082 0 0 _a425
_223
_bGOM 1960
100 1 _aGorrell, Robert M.
_9151211
245 1 0 _aModern English handbook /
_cRobert M. Gorrell, Charlton Laird.
250 _a2nd ed.
260 _aEnglewood Cliffs, N.J. :
_bPrentice-Hall,
_cc1956 [Printing 1960]
300 _axviii, 620 p. :
_c22 cm.
500 _aIncludes index.
650 0 _aEnglish language
_xRhetoric
_xHandbooks, manuals, etc.
_9133029
650 0 _aEnglish language
_xGrammar
_xHandbooks, manuals, etc.
_9133030
700 1 _aLaird, Charlton Grant,
_d1901-
_ejoint author.
_9151212
942 _2ddc
_cBK
999 _c50480
_d50480